Pollution Control in Process Industries / (Record no. 10897)

MARC details
000 -LEADER
fixed length control field 00438nam a2200145 a 4500
020 ## - INTERNATIONAL STANDARD BOOK NUMBER
ISBN 0074517724 (hardcover)
020 ## - INTERNATIONAL STANDARD BOOK NUMBER
ISBN 9780074517727 (hardcover)
100 1# - MAIN ENTRY--AUTHOR NAME
Personal name Mahajan, S.P.
245 10 - TITLE STATEMENT
Title Pollution Control in Process Industries /
260 ## - PUBLICATION, DISTRIBUTION, ETC. (IMPRINT)
Place of publication [S.l.] :
Name of publisher McGraw-Hill Inc.,US,
Year of publication 2004.
300 ## - PHYSICAL DESCRIPTION
Number of Pages 260 p. ;
650 ## - SUBJECT ADDED ENTRY--TOPICAL TERM
Topical Term Pollution Control
856 40 - ELECTRONIC LOCATION AND ACCESS
Uniform Resource Identifier http://www.amazon.com/exec/obidos/ASIN/0074517724/chopaconline-20
942 ## - ADDED ENTRY ELEMENTS (KOHA)
Koha item type Books
Holdings
Withdrawn status Lost status Collection code Home library Current library Date acquired Cost, normal purchase price Full call number Accession Number Koha item type
      Central Library, QUEST, Nawabshah Central Library, QUEST, Nawabshah 14/10/2014 370.00 628.53MAH 29193 Books
    Reference Reference Section Reference Section 14/10/2014 370.00 628.53MAH (Shelf -77D) 29192 Books